| 000 | 00940nam a2200265Ia 4500 | ||
|---|---|---|---|
| 003 | OSt | ||
| 005 | 20221005110703.0 | ||
| 006 | a|||||r|||| 00| 0 | ||
| 007 | ta | ||
| 008 | 221004b |||||||| |||| 00| 0 hin d | ||
| 020 |
_a9788126727766 (hbk) _c250 |
||
| 024 | _a45983 | ||
| 037 |
_b7329, 07/01/2016, Rajkamal Prakashan Pvt. Ltd. _cTextual |
||
| 040 |
_aCRL _cCRL _bhin |
||
| 041 |
_2hin _ahin |
||
| 082 | _aO152,3N449x, Q5 | ||
| 100 | _aखेमानी, कुसुम | ||
| 245 | 0 | _aएक अचम्भा प्रेम | |
| 246 | _aEk achambhā prema | ||
| 260 |
_aनई दिल्ली _bराजकमल प्रकाशन भारत _c2015 |
||
| 300 |
_a128चण् _ccm. |
||
| 650 | _aहिन्दी कहानी | ||
| 942 |
_hO152,3N449x, Q5 _cTEXL _2cc |
||
| 999 |
_c1019593 _d1019593 |
||